书目信息 |
| 题名: |
订正六书通
|
|
| 作者: | 闵齐仍 辑 ;毕弘述 篆订 | |
| 分册: | ||
| 出版信息: | 上海 上海古籍书店 1981 |
|
| 页数: | 549页 | |
| 开本: | 21cm | |
| 丛书名: | ||
| 单 册: | ||
| 中图分类: | H122 | |
| 科图分类: | ||
| 主题词: | 汉字--文字学 | |
| 电子资源: | ||
| ISBN: | ||
| 000 | 00711nam0 2200253 45 | |
| 001 | 0181008871 | |
| 005 | 20070729172909.99 | |
| 010 | @dCNY2.30 | |
| 100 | @a19950510d1981 emky0chiy0121 ea | |
| 101 | 0 | @achi |
| 102 | @aCN@b310000 | |
| 105 | @ay z 000yy | |
| 200 | 10 | @a订正六书通@Ading zheng liu shu tong@f(明)闵齐仍辑@g(清)毕弘述篆订 |
| 210 | @a上海@c上海古籍书店@d1981 | |
| 215 | @a549页@d21cm | |
| 300 | @a本书又名:《篆字汇》 | |
| 517 | 1 | @a篆字汇@Azhuan zi hui |
| 606 | 0 | @a汉字@x文字学 |
| 690 | @aH122 | |
| 701 | 0 | @a闵齐仍@Amin qi reng@4辑 |
| 702 | 0 | @a毕弘述@Abi hong shu@4篆订 |
| 801 | 0 | @aCN@b上海图书馆@c20070729 |
| 801 | 2 | @aCN@bNLC@c20070729 |
| 905 | @f1@b135717@dH122@e25@b135720@f1 | |
| 订正六书通/(明)闵齐仍辑/(清)毕弘述篆订.-上海:上海古籍书店,1981 |
| 549页;21cm |
| 本书又名:《篆字汇》 |
| ISBN :CNY2.30 |
| ● |
| 相关链接 |
|
|
|
|
正题名:订正六书通
索取号:H122/25
 
预约/预借
| 序号 | 登录号 | 条形码 | 馆藏地/架位号 | 状态 | 备注 |
| 1 | 0135717 | 000833726 | 第四借阅区/ [索取号:H122/25] | 在馆 | |
| 2 | 0135718 | 001627314 | 密集书库/ [索取号:H122/25] | 在馆 | |
| 3 | 0135719 | 001627270 | 密集书库/ [索取号:H122/25] | 在馆 | |
| 4 | 0135720 | 000833735 | 密集书库/ [索取号:H122/25] | 在馆 | |
| 5 | 0135721 | 202078955 | 第二样本阅览室/ [索取号:H122/25] | 在馆 | |
| 6 | 0436623 | 204366239 | 密集书库/ [索取号:H122/25] | 在馆 | |
| 7 | 0785512 | 207855123 | 密集书库/ [索取号:H122/25] | 在馆 | |
| 8 | 0785824 | 207858246 | 密集书库/ [索取号:H122/25] | 在馆 | |
| 9 | 0786732 | 207867325 | 密集书库/ [索取号:H122/25] | 在馆 |